Normal view
MARC view
Entry Personal Name
001 - CONTROL NUMBER
- control field: 13893
003 - CONTROL NUMBER IDENTIFIER
- control field: OSt
005 - DATE AND TIME OF LATEST TRANSACTION
- control field: 20210217154254.0
008 - FIXED-LENGTH DATA ELEMENTS
- fixed length control field: 210217|| aca||aabn | a|a d
040 ## - CATALOGING SOURCE
- Original cataloging agency: OSt
- Transcribing agency: OSt
100 ## - HEADING--PERSONAL NAME
- Personal name: Edited by Forrest, A. P. M.; Carter, David C.; I.B. Macleod, I.B.
670 ## - SOURCE DATA FOUND
- Source citation: Work cat.: (OSt)1379: Edited by Forrest, A. P. M.; Carter, David C.; I.B. Macleod, I.B., Principles and Practice of Surgery , 1991.
